[Event "Asian-ch Seniors 50 zt 3.2"]
[Site "Chess.com INT"]
[Date "2020.07.17"]
[Round "2.7"]
[White "Muhammad, Afzal"]
[Black "Ali, Madad"]
[Result "1-0"]
[WhiteElo "1450"]
[BlackElo "1883"]
[PlyCount "61"]
[EventDate "2020.07.17"]
[EventType "swiss (blitz)"]
[EventRounds "7"]
[EventCountry "BAN"]
[SourceTitle "EXT 2024"]
[Source "ChessBase"]
[SourceDate "2023.10.10"]
[SourceVersion "1"]
[SourceVersionDate "2023.10.10"]
[SourceQuality "1"]

1. d4 d5 2. c4 c6 3. Nc3 Nf6 4. Bg5 e6 5. e3 Be7 6. cxd5 cxd5 7. Bd3 Nc6 8. Nge2 a6 9. a3 b5 10. 0-0 Bb7 11. f3 0-0 12. Bc2 Na5 13. Qd3 g6 14. e4 Nc4 15. Rab1 dxe4 16. fxe4 Rc8 17. Rf3 Nh5 18. Bh6 Ng7 19. Nf4 e5 20. Nfd5 Bg5 21. Bxg5 Qxg5 22. Nf6+ Kh8 23. d5 Nd2 24. Rf2 Nxb1 25. Bxb1 Nh5 26. Nd7 Qc1+ 27. Nd1 Nf4 28. Rxf4 exf4 29. Qd4+ f6 30. Nxf6 Qxb1 31. Nh5+ 1-0

[Event "Asian-ch Seniors 50 zt 3.2"]
[Site "Chess.com INT"]
[Date "2020.07.17"]
[Round "4.5"]
[White "Muhammad, Amin"]
[Black "Muhammad, Afzal"]
[Result "0-1"]
[WhiteElo "1826"]
[BlackElo "1450"]
[PlyCount "74"]
[EventDate "2020.07.17"]
[EventType "swiss (blitz)"]
[EventRounds "7"]
[EventCountry "BAN"]
[SourceTitle "EXT 2024"]
[Source "ChessBase"]
[SourceDate "2023.10.10"]
[SourceVersion "1"]
[SourceVersionDate "2023.10.10"]
[SourceQuality "1"]

1. e4 e5 2. Nf3 d6 3. Bc4 Be7 4. c3 Nf6 5. d3 0-0 6. 0-0 c6 7. h3 Be6 8. Bxe6 fxe6 9. Qb3 Qc8 10. Ng5 d5 11. exd5 exd5 12. Re1 Qf5 13. Be3 h6 14. Qxb7 Nbd7 15. Nf3 c5 16. d4 e4 17. Nh4 Qe6 18. Ng6 Rfb8 19. Nxe7+ Qxe7 20. Qc7 cxd4 21. Bxd4 Rxb2 22. a4 Qe6 23. Na3 Nh5 24. Nb5 Nf4 25. Qxf4 Rf8 26. Qg3 g6 27. Nc7 Qf5 28. Nxd5 Kh7 29. Ne7 Qe6 30. Qh4 Nf6 31. Bxf6 Rxf6 32. Qxe4 Qxe4 33. Rxe4 Rfxf2 34. Rg4 h5 35. Rxg6 Rfe2 36. Rg5 Rxe7 37. Rg7+ Rxg7 0-1